000
00203 a2200097 4500
001
57536
100
_a
245
_a
Tazak Babery
260
_a
Lahore
_b
sange meil
_c
1995
090
_c
35266
_d
35266
942
_a
NUST-CAE
_c
MONOGRAPH
_c
28076
999
_c
292609
_d
292609